000 00422nam a2200157Ia 4500
003 IQ-KOUCL
041 _aArabic
082 _a340,072 cut-282 ع
100 _a20260118u\\\\\\\\\\\y0engy0103\\\\ba
100 _aفرست احمد عبدالله
245 0 _aقصة العدل
250 _aط1
260 _bمركز البحوث القانونية
_aاربيل - العراق
_c2023
300 _a296
942 _cBk
999 _c187258
_d187258